Statistics for Countries That Have McDonalds

Click here to take the quiz!

General Stats

  • This quiz has been taken 60 times
  • The average score is 70 of 98

Answer Stats

McDonalds StoresAnswer% Correct
850Russia
95%
1,300United Kingdom
95%
13,257United States of America
95%
981Australia
93%
1,400Canada
93%
3,500China
93%
1,438Germany
93%
1,500France
90%
640Italy
90%
1,031Brazil
88%
89Denmark
88%
67Finland
88%
2,900Japan
88%
402Mexico
88%
77Norway
88%
191Sweden
88%
300India
86%
166New Zealand
86%
275South Africa
86%
550Spain
86%
167Switzerland
86%
254Netherlands
83%
492Poland
83%
175Portugal
83%
35Slovakia
83%
222Argentina
81%
10Estonia
81%
25Greece
81%
304Saudi Arabia
81%
23Slovenia
81%
447South Korea
81%
101Ukraine
81%
172United Arab Emirates
81%
114Egypt
79%
224Indonesia
79%
89Ireland
79%
282Malaysia
79%
30Serbia
79%
240Thailand
79%
253Turkey
79%
13Latvia
76%
17Lithuania
76%
57Panama
76%
85Belgium
74%
77Chile
74%
109Czech Republic
74%
72Pakistan
74%
136Singapore
74%
22Vietnam
74%
5Andorra
71%
195Austria
71%
39Croatia
71%
2Monaco
71%
655Philippines
71%
25Belarus
69%
10Honduras
69%
185Israel
69%
10Luxembourg
69%
40Peru
69%
84Romania
69%
25Urugauy
69%
35Bulgaria
67%
54Costa Rica
67%
30Ecuador
67%
53Morocco
67%
46Qatar
67%
133Venezuela
67%
5Bosnia and Herzegovina
64%
185Colombia
64%
18Cyprus
64%
31Dominican Republic
64%
95Guatemala
64%
1Iraq
64%
5Moldova
64%
19Paraguay
62%
7Sri Lanka
62%
19El Salvador
60%
98Hungary
60%
9Malta
60%
6Nicaragua
60%
19Azerbaijan
57%
3Bahamas
57%
18Georgia
57%
31Jordan
57%
23Lebanon
57%
1Cuba
55%
22Kazakhstan
55%
77Kuwait
55%
1Liechtenstein
55%
24Oman
55%
23Bahrain
52%
413Taiwan
52%
3Suriname
50%
4Fiji
45%
6Trinidad and Tobago
45%
1Samoa
40%
3Brunei
36%
12Mauritius
14%

Score Distribution

Percentile by Number Answered

Percent of People with Each Score

Your Score History

You have not taken this quiz